[Event "7. Wunsiedel Schach-Festival Meistertur"]
[Site "Wunsiedel"]
[Date "2013.05.10"]
[Round "3.1"]
[White "Tischbierek, Raj"]
[Black "Peralta, Fernando"]
[Result "0-1"]
[WhiteElo "2433"]
[BlackElo "2626"]
[PlyCount "120"]
[EventDate "2013.05.09"]

1. e4 c6 2. d4 d5 3. Nc3 dxe4 4. Nxe4 Bf5 5. Ng3 Bg6 6. h4 h6 7. Nf3 Nd7 8. h5
Bh7 9. Bd3 Bxd3 10. Qxd3 e6 11. Bd2 Ngf6 12. O-O-O Be7 13. Rhe1 O-O 14. Qe2 a5
15. Ne5 Bb4 16. c3 Bd6 17. f4 Qc7 18. Ne4 Nxe4 19. Qxe4 f5 20. Qf3 Nf6 21. Ng6
Rfe8 22. c4 Qf7 23. Rh1 a4 24. Kb1 Rac8 25. Ne5 Bxe5 26. dxe5 Ne4 27. g4 b5 28.
cxb5 cxb5 29. Bb4 Rc4 30. Be1 Rec8 31. a3 b4 32. Bxb4 fxg4 33. Qe3 g3 34. Be1
g2 35. Rg1 Qxh5 36. Bb4 Qf5 37. Ka2 Rc2 38. Rde1 R8c4 39. Re2 Qg6 40. Bd2 Nc3+
41. Bxc3 R4xc3 42. Rexg2 Rxg2 43. Rxg2 Rxe3 44. Rxg6 Kf7 45. Rg4 Re4 46. Rh4 g5
47. Rxh6 Rxf4 48. b4 Rf2+ 49. Ka1 g4 50. Rh7+ Kg6 51. Rh8 Re2 52. b5 Rxe5 53.
b6 Rb5 54. Rb8 g3 55. Rg8+ Kf5 56. Rxg3 Rxb6 57. Rf3+ Ke4 58. Rh3 e5 59. Rh4+
Kd5 60. Rxa4 e4 0-1

[Event "7. Wunsiedel Schach-Festival Meistertur"]
[Site "Wunsiedel"]
[Date "2013.05.10"]
[Round "4.15"]
[White "Grandadam, Nicolas"]
[Black "Urban, Lars"]
[Result "1-0"]
[WhiteElo "2338"]
[BlackElo "2126"]
[PlyCount "69"]
[EventDate "2013.05.09"]

1. Nf3 d5 2. d4 Nf6 3. c4 e6 4. Nc3 Nbd7 5. Bg5 Be7 6. e3 O-O 7. Rc1 b6 8. cxd5
exd5 9. Be2 Bb7 10. O-O a6 11. Qa4 c5 12. dxc5 Nxc5 13. Qc2 Ne6 14. Bh4 Ne4 15.
Bxe7 Qxe7 16. Rfd1 Rfd8 17. Nd4 Nxd4 18. Rxd4 Nxc3 19. Qxc3 Rac8 20. Qd2 Rxc1+
21. Qxc1 Rc8 22. Qd2 Qc5 23. h3 Qc1+ 24. Kh2 Qc7+ 25. g3 Qe5 26. Bf3 g6 27.
Bxd5 Bxd5 28. Rxd5 Qe6 29. a3 h5 30. Qd4 Kh7 31. Rd6 Qf5 32. Rf6 Rc4 33. Rxf5
Rxd4 34. Rxh5+ gxh5 35. exd4 1-0

[Event "7. Wunsiedel Schach-Festival Meistertur"]
[Site "Wunsiedel"]
[Date "2013.05.10"]
[Round "4.18"]
[White "Holm, Sejer"]
[Black "Bottema, Martin"]
[Result "1-0"]
[WhiteElo "2244"]
[BlackElo "2077"]
[PlyCount "107"]
[EventDate "2013.05.09"]

1. d4 Nf6 2. Nf3 e6 3. c4 b6 4. e3 Bb7 5. Bd3 c5 6. O-O Be7 7. Nc3 cxd4 8. exd4
d5 9. cxd5 Nxd5 10. Re1 O-O 11. a3 Nc6 12. Bc2 Bf6 13. Qd3 g6 14. Bh6 Re8 15.
Ne4 Bg7 16. Bg5 f6 17. Bd2 Rc8 18. Ba4 Re7 19. Rac1 Nb8 20. Rxc8 Bxc8 21. h4
Ba6 22. Qb1 Nd7 23. Bb3 Nf8 24. h5 gxh5 25. Ng3 Qe8 26. Bxd5 exd5 27. Rxe7 Qxe7
28. Qf5 Qe6 29. Qxh5 Bd3 30. Nh4 Bg6 31. Qf3 Qd7 32. Nhf5 Ne6 33. Be3 Kh8 34.
Nh5 Bxf5 35. Qxf5 Nf8 36. Qxd7 Nxd7 37. Nf4 Nf8 38. Nxd5 f5 39. Ne7 f4 40. Bxf4
Bxd4 41. b4 a5 42. Nc6 Ne6 43. Nxd4 Nxf4 44. Kf1 axb4 45. axb4 Kg7 46. g3 Nd5
47. Nc2 Kf6 48. Ke2 Ke5 49. Kd3 Nf6 50. Ne3 b5 51. f4+ Kd6 52. g4 h5 53. g5 Ng8
54. Ke4 1-0

[Event "7. Wunsiedel Schach-Festival Meistertur"]
[Site "Wunsiedel"]
[Date "2013.05.10"]
[Round "4.16"]
[White "Klek, Hanna Marie"]
[Black "Pokrupa, Marek"]
[Result "1-0"]
[WhiteElo "2267"]
[BlackElo "2160"]
[PlyCount "47"]
[EventDate "2013.05.09"]

1. e4 d6 2. d4 Nf6 3. Nc3 e5 4. Nf3 Nbd7 5. Bc4 Be7 6. O-O O-O 7. h3 c6 8. a4
b6 9. Re1 a6 10. Qd3 Bb7 11. Ba2 b5 12. axb5 axb5 13. b4 Ra6 14. Bb2 Qb6 15.
Bb3 Rxa1 16. Bxa1 exd4 17. Nxd4 Ne5 18. Qd2 Ra8 19. Nf5 Bf8 20. Qg5 Kh8 21. Bb2
Ng8 22. Ne2 h6 23. Qg3 Re8 24. Bxf7 1-0

[Event "7. Wunsiedel Schach-Festival Meistertur"]
[Site "Wunsiedel"]
[Date "2013.05.10"]
[Round "4.5"]
[White "Lampert, Jonas"]
[Black "Sumets, Andrey"]
[Result "1-0"]
[WhiteElo "2333"]
[BlackElo "2590"]
[PlyCount "79"]
[EventDate "2013.05.09"]

1. d4 Nf6 2. c4 e6 3. Nc3 Bb4 4. Nf3 d5 5. Qa4+ Nc6 6. e3 O-O 7. Bd2 dxc4 8.
Bxc4 Bd6 9. O-O a6 10. Rad1 Qe7 11. e4 e5 12. Bg5 Qe8 13. Bxf6 gxf6 14. Nd5 Kg7
15. dxe5 fxe5 16. Qb3 Bg4 17. h3 Bxf3 18. Qxf3 f6 19. Nxc7 Bxc7 20. Qg4+ Qg6
21. Rd7+ Kh8 22. Qxg6 hxg6 23. Rxc7 Rac8 24. Rxc8 Rxc8 25. Bd5 Nd4 26. Bxb7 Rb8
27. Bxa6 Rxb2 28. Bc4 Rc2 29. Bd5 Ne2+ 30. Kh2 Nc3 31. a4 Kg7 32. Ra1 Rxf2 33.
a5 Nxd5 34. exd5 Rc2 35. a6 Rc8 36. a7 Ra8 37. Ra6 f5 38. Kg3 g5 39. Kf3 Kf7
40. g4 1-0

[Event "7. Wunsiedel Schach-Festival Meistertur"]
[Site "Wunsiedel"]
[Date "2013.05.10"]
[Round "4.11"]
[White "Miezis, Normunds"]
[Black "Pohl-Kuemmel, J."]
[Result "1-0"]
[WhiteElo "2543"]
[BlackElo "2296"]
[PlyCount "85"]
[EventDate "2013.05.09"]

1. c4 g6 2. Nc3 Bg7 3. g3 Nf6 4. Bg2 O-O 5. e4 d6 6. Nge2 c5 7. O-O Nc6 8. a3
Bd7 9. Rb1 a5 10. d3 Ne8 11. Be3 Nc7 12. Qd2 Ne6 13. Bh6 Ned4 14. Bxg7 Kxg7 15.
f4 e6 16. Nxd4 Nxd4 17. b4 axb4 18. axb4 Qc7 19. Kh1 f6 20. bxc5 dxc5 21. e5
Bc6 22. exf6+ Rxf6 23. Bxc6 Qxc6+ 24. Qg2 Qxg2+ 25. Kxg2 Rf7 26. Ne4 Rc7 27.
Rb6 Ra2+ 28. Rf2 Rxf2+ 29. Kxf2 Kf8 30. g4 Ke7 31. h3 h6 32. Nc3 Rd7 33. Na4
Rc7 34. Ke3 Nc2+ 35. Ke4 Kd7 36. Rb2 Nb4 37. Nxc5+ Rxc5 38. Rxb4 Kc7 39. Ra4
Rc6 40. Ra8 Rb6 41. Rg8 Rb1 42. Rxg6 Re1+ 43. Kd4 1-0

[Event "7. Wunsiedel Schach-Festival Meistertur"]
[Site "Wunsiedel"]
[Date "2013.05.10"]
[Round "4.7"]
[White "Mihok, Oliver"]
[Black "Stips, Felix"]
[Result "1-0"]
[WhiteElo "2446"]
[BlackElo "2283"]
[PlyCount "51"]
[EventDate "2013.05.09"]

1. e4 e5 2. Nf3 Nc6 3. Bb5 a6 4. Ba4 Nf6 5. O-O b5 6. Bb3 Bc5 7. a4 Rb8 8. Nxe5
Nxe5 9. d4 Bxd4 10. Qxd4 d6 11. f4 Nc6 12. Qc3 Bb7 13. axb5 axb5 14. e5 Ne4 15.
Qe3 Ne7 16. Nc3 Nxc3 17. Qxc3 O-O 18. f5 Nd5 19. Bxd5 Bxd5 20. f6 Re8 21. Qg3
g6 22. Bf4 Rc8 23. Qg5 Re6 24. exd6 c6 25. Be5 Qf8 26. Ra7 1-0

[Event "7. Wunsiedel Schach-Festival Meistertur"]
[Site "Wunsiedel"]
[Date "2013.05.10"]
[Round "4.1"]
[White "Peralta, Fernando"]
[Black "Kunin, Vitaly"]
[Result "1-0"]
[WhiteElo "2626"]
[BlackElo "2503"]
[PlyCount "109"]
[EventDate "2013.05.09"]

1. d4 Nf6 2. c4 e6 3. Nc3 d5 4. cxd5 Nxd5 5. Nf3 c5 6. e3 Nc6 7. Bc4 cxd4 8.
exd4 Nxc3 9. bxc3 Be7 10. Bd3 O-O 11. Qc2 g6 12. h4 f5 13. Bh6 Re8 14. Qd2 Bf6
15. Ng5 Bg7 16. Bxg7 Kxg7 17. f4 h6 18. Nf3 Bd7 19. h5 Qf6 20. hxg6 Rh8 21. Kf2
Be8 22. Rag1 Ne7 23. g4 fxg4 24. Rxg4 Bc6 25. Ne5 Rac8 26. Rh5 Be8 27. Rgh4 Ng8
28. Ng4 Qd8 29. Qe3 Qd6 30. c4 Rd8 31. Qe5+ Qxe5 32. Rxe5 Rxd4 33. Ke3 Rxd3+
34. Kxd3 Ne7 35. Rc5 Bxg6+ 36. Kc3 Nc6 37. Ne5 Be8 38. Nxc6 Bxc6 39. Re5 Kf7
40. Reh5 Kg6 41. Re5 Kf7 42. Kd4 Rd8+ 43. Ke3 Rh8 44. Reh5 Kg6 45. Kd4 Bf3 46.
Ra5 a6 47. Ra3 Rd8+ 48. Ke5 Be2 49. Re3 Bf1 50. Re1 Bd3 51. Rd1 b5 52. Rg1+ Kf7
53. Rxh6 bxc4 54. Rf6+ Ke8 55. Kxe6 1-0

[Event "7. Wunsiedel Schach-Festival Meistertur"]
[Site "Wunsiedel"]
[Date "2013.05.10"]
[Round "4.19"]
[White "Rösemann, Rainer"]
[Black "Kreyssig, Robert"]
[Result "1-0"]
[WhiteElo "2280"]
[BlackElo "2056"]
[PlyCount "73"]
[EventDate "2013.05.09"]

1. c4 c5 2. g3 Nf6 3. Bg2 d5 4. cxd5 Nxd5 5. Nc3 Nc7 6. Nf3 Nc6 7. a3 a5 8. O-O
e5 9. d3 Be7 10. Be3 Ne6 11. Qb3 O-O 12. Na4 Ned4 13. Nxd4 cxd4 14. Bd2 Ra6 15.
Rac1 Qc7 16. Bd5 Bh3 17. Rfe1 Qd7 18. Nc5 Bxc5 19. Rxc5 Be6 20. Bxe6 fxe6 21.
Rec1 a4 22. Qb5 Qf7 23. f3 Raa8 24. R5c4 e4 25. dxe4 d3 26. Bc3 dxe2 27. f4
Rad8 28. Re1 e5 29. f5 Rd1 30. Kg2 Qh5 31. Rxc6 bxc6 32. Qxe5 Qg4 33. Qe6+ Kh8
34. Qe7 Rg8 35. h3 Rd7 36. Qxd7 Qxe4+ 37. Kf2 1-0

[Event "7. Wunsiedel Schach-Festival Meistertur"]
[Site "Wunsiedel"]
[Date "2013.05.10"]
[Round "4.2"]
[White "Buhmann, Rainer"]
[Black "Wegerle, Jörg"]
[Result "1/2-1/2"]
[WhiteElo "2578"]
[BlackElo "2435"]
[PlyCount "102"]
[EventDate "2013.05.09"]

1. Nf3 Nf6 2. c4 e6 3. g3 d5 4. d4 Be7 5. Bg2 O-O 6. O-O dxc4 7. Qc2 a6 8. a4
Bd7 9. Qxc4 Bc6 10. Bf4 a5 11. Nc3 Na6 12. Rac1 Nb4 13. Ne5 Bxg2 14. Kxg2 Nfd5
15. Nxd5 Qxd5+ 16. Qxd5 Nxd5 17. Bd2 c6 18. Rfd1 Rfd8 19. e3 Nb4 20. Be1 f6 21.
Nd3 Nxd3 22. Rxd3 Kf7 23. Kf3 Ke8 24. Ke2 Kd7 25. Bd2 Rdb8 26. b3 b5 27. Ra1
bxa4 28. Rxa4 Rb5 29. Kd1 Kc7 30. Kc2 Kb6 31. Bc3 Bb4 32. Bxb4 Rxb4 33. Rd1 Rc8
34. Kb2 Rxa4 35. bxa4 Kc7 36. Rd3 Rd8 37. Kc2 Rd5 38. Rc3 e5 39. dxe5 Rxe5 40.
Rc4 Kd6 41. Rd4+ Kc5 42. Kc3 Rh5 43. h4 g5 44. Re4 Kd5 45. Rd4+ Kc5 46. f3 f5
47. Kd3 gxh4 48. Rc4+ Kd6 49. Rxh4 Rg5 50. Rh3 Kc5 51. f4 Rg7 1/2-1/2

[Event "7. Wunsiedel Schach-Festival Meistertur"]
[Site "Wunsiedel"]
[Date "2013.05.10"]
[Round "4.4"]
[White "Del Rio De Angelis, S."]
[Black "Seyb, Alexander"]
[Result "1/2-1/2"]
[WhiteElo "2484"]
[BlackElo "2340"]
[PlyCount "67"]
[EventDate "2013.05.09"]

1. d4 d5 2. c4 c6 3. Nf3 Nf6 4. Nc3 dxc4 5. a4 Bf5 6. Nh4 Bg4 7. h3 Bh5 8. g4
Bg6 9. Bg2 e6 10. O-O Na6 11. g5 Nd7 12. f4 Bh5 13. Ne4 h6 14. Ng3 hxg5 15.
fxg5 Bd6 16. Nxh5 Rxh5 17. Nf3 Qe7 18. Nd2 Rxg5 19. Nxc4 Rf5 20. Rxf5 exf5 21.
d5 c5 22. Qf1 g6 23. Bf4 Bxf4 24. Qxf4 Nb4 25. d6 Qe6 26. Bxb7 Rb8 27. Bf3 Nc2
28. Rd1 Nd4 29. Rxd4 cxd4 30. Qxd4 Qf6 31. Qe3+ Qe6 32. Qd4 Qf6 33. Qe3+ Qe6
34. Qd4 1/2-1/2

[Event "7. Wunsiedel Schach-Festival Meistertur"]
[Site "Wunsiedel"]
[Date "2013.05.10"]
[Round "4.14"]
[White "Lorenz, Mark"]
[Black "Cech, Pavel"]
[Result "1/2-1/2"]
[WhiteElo "2243"]
[BlackElo "2395"]
[PlyCount "60"]
[EventDate "2013.05.09"]

1. c4 c6 2. Nf3 d5 3. b3 Bf5 4. Bb2 e6 5. g3 Nf6 6. Bg2 Nbd7 7. O-O Be7 8. d3
h6 9. Nbd2 O-O 10. a3 a5 11. Qc2 Bh7 12. Rfc1 Qb6 13. cxd5 exd5 14. Bd4 Qc7 15.
Qb2 Rfe8 16. b4 Bf8 17. Nf1 axb4 18. axb4 Qd6 19. Bc3 Nb6 20. Qc2 Nfd7 21. Nd4
Ne5 22. Qd1 Be7 23. Rxa8 Rxa8 24. Ra1 Qb8 25. Ne3 Bf6 26. f4 Ned7 27. Ng4 Be7
28. Ne3 Bf6 29. Ng4 Be7 30. Ne3 Bf6 1/2-1/2

[Event "7. Wunsiedel Schach-Festival Meistertur"]
[Site "Wunsiedel"]
[Date "2013.05.10"]
[Round "4.3"]
[White "Maiwald, Jens-Uwe"]
[Black "Chatalbashev, Boris"]
[Result "1/2-1/2"]
[WhiteElo "2466"]
[BlackElo "2553"]
[PlyCount "82"]
[EventDate "2013.05.09"]

1. e4 d5 2. exd5 Qxd5 3. Nc3 Qd6 4. d4 Nf6 5. Bc4 g6 6. Nge2 a6 7. O-O b5 8.
Bf4 Qd7 9. Bb3 Bg7 10. Be5 Bb7 11. Nf4 O-O 12. Re1 Nc6 13. Bxf6 Bxf6 14. Ne6
Nxd4 15. Nxf8 Rxf8 16. Ne4 Qf5 17. f3 Be5 18. c3 Nxb3 19. axb3 Qh5 20. Ng3 Qg5
21. Qe2 Bxg3 22. hxg3 Qxg3 23. Qe5 Qxe5 24. Rxe5 e6 25. Rc5 c6 26. Rd1 f6 27.
f4 Rf7 28. Rd8+ Kg7 29. Re8 Rd7 30. Rxe6 Kf7 31. Re2 Rd6 32. Kf2 Bc8 33. Ke3
Be6 34. c4 Ke7 35. Rc2 Kd7 36. g3 h5 37. Rc3 Bf5 38. b4 Be6 39. b3 Bf5 40. Kf3
Bg4+ 41. Ke3 Bf5 1/2-1/2

[Event "7. Wunsiedel Schach-Festival Meistertur"]
[Site "Wunsiedel"]
[Date "2013.05.10"]
[Round "4.9"]
[White "Singer, Christoph"]
[Black "Feldtmann, Thomas"]
[Result "1/2-1/2"]
[WhiteElo "2349"]
[BlackElo "2290"]
[PlyCount "63"]
[EventDate "2013.05.09"]

1. e4 d6 2. d4 Nf6 3. Nc3 c6 4. g3 e5 5. Bg2 Be7 6. Nge2 O-O 7. a4 b6 8. h3 h5
9. Be3 Nbd7 10. Qd2 a6 11. f4 Bb7 12. Bf3 b5 13. g4 b4 14. Nd1 c5 15. d5 exf4
16. Bxf4 h4 17. Ne3 Nh7 18. O-O a5 19. c4 g6 20. Rae1 Ra6 21. Bh2 Bg5 22. Nf4
Re8 23. Bg2 Nhf6 24. Nd1 Re7 25. b3 Ne5 26. Nf2 Nfd7 27. Qe2 Qf8 28. Kh1 Qg7
29. Qd1 Kh7 30. Re2 Ra8 31. N2d3 Bf6 32. Qe1 1/2-1/2

[Event "7. Wunsiedel Schach-Festival Meistertur"]
[Site "Wunsiedel"]
[Date "2013.05.10"]
[Round "4.6"]
[White "Troyke, Christian"]
[Black "Pap, Misa"]
[Result "1/2-1/2"]
[WhiteElo "2326"]
[BlackElo "2476"]
[PlyCount "93"]
[EventDate "2013.05.09"]

1. g3 e5 2. c4 f5 3. Bg2 Nf6 4. Nc3 g6 5. e3 Bg7 6. Nge2 d6 7. d4 O-O 8. O-O c6
9. b3 e4 10. Ba3 Na6 11. Qd2 Nc7 12. f3 exf3 13. Bxf3 Re8 14. Nf4 Ne6 15. Nxe6
Bxe6 16. d5 Qa5 17. Bxd6 cxd5 18. b4 Qa6 19. c5 Ne4 20. Nxe4 dxe4 21. Be2 Qa3
22. Rac1 Qxa2 23. Qxa2 Bxa2 24. b5 Red8 25. Rfd1 Be6 26. c6 bxc6 27. bxc6 a5
28. c7 Rdc8 29. Bb5 a4 30. Ba3 Bf8 31. Bxf8 Kxf8 32. Bc6 Ra7 33. Bd7 Bxd7 34.
Rxd7 Raa8 35. Rxh7 a3 36. Rc2 a2 37. Rxa2 Rxa2 38. Rh8+ Kg7 39. Rxc8 Rc2 40.
Kf1 Kh7 41. Ke1 Kg7 42. h3 Kh7 43. Kd1 Rc5 44. Kd2 Kg7 45. g4 fxg4 46. hxg4 Kh7
47. Kd1 1/2-1/2

[Event "7. Wunsiedel Schach-Festival Meistertur"]
[Site "Wunsiedel"]
[Date "2013.05.10"]
[Round "4.17"]
[White "Bader, Dominic"]
[Black "Hilverda, Alexander"]
[Result "0-1"]
[WhiteElo "2134"]
[BlackElo "2339"]
[PlyCount "50"]
[EventDate "2013.05.09"]

1. e4 c5 2. Nf3 e6 3. d4 cxd4 4. Nxd4 a6 5. Be2 Nf6 6. Nc3 Qc7 7. O-O d6 8. Be3
b5 9. a3 Bb7 10. f3 Nbd7 11. Qd2 Be7 12. a4 b4 13. Na2 d5 14. Nxb4 dxe4 15. c4
exf3 16. Nxf3 Ng4 17. Bf4 Qb6+ 18. Nd4 Bxb4 19. Qd1 Ngf6 20. Be3 Bc5 21. b4
Bxb4 22. a5 Qc7 23. Bf4 e5 24. Nf5 exf4 25. Nxg7+ Kf8 0-1

[Event "7. Wunsiedel Schach-Festival Meistertur"]
[Site "Wunsiedel"]
[Date "2013.05.10"]
[Round "4.20"]
[White "Brem, Stephan"]
[Black "Hahn, Markus"]
[Result "0-1"]
[WhiteElo "2074"]
[BlackElo "2225"]
[PlyCount "135"]
[EventDate "2013.05.09"]

1. b3 b6 2. e4 Bb7 3. Qe2 c5 4. Bb2 e6 5. Nf3 d6 6. g3 Nf6 7. d3 Be7 8. Nbd2
Nc6 9. Bg2 Qc7 10. O-O a6 11. c3 O-O 12. h4 Rfe8 13. Rac1 Rac8 14. Bh3 Qb8 15.
Nh2 d5 16. f4 dxe4 17. dxe4 Red8 18. e5 Nd7 19. Nhf3 Nf8 20. Ne4 Rd7 21. Rcd1
Rcd8 22. Rxd7 Rxd7 23. Kh2 Qc7 24. Bg2 Rd8 25. Rd1 Rd7 26. Rd2 Na7 27. Rxd7
Qxd7 28. Nfd2 Nc8 29. a4 a5 30. Nc4 Ba6 31. Bf1 Bd8 32. Qd2 Qxd2+ 33. Nexd2 Bb7
34. Kg1 Bc7 35. Kf2 Ng6 36. Bg2 Bxg2 37. Kxg2 h5 38. Na3 Nge7 39. Nb5 Bd8 40.
Kf3 Nf5 41. Ne4 Kf8 42. Bc1 Ke8 43. Be3 Kd7 44. Bf2 Kc6 45. c4 Be7 46. Be1 Kb7
47. Bc3 Kb8 48. Bb2 Kb7 49. Bc3 Kc6 50. Bb2 Kd7 51. Bc3 Ke8 52. Bb2 Kf8 53. Bc3
Bd8 54. Bb2 Nce7 55. Nbd6 Nxd6 56. Nxd6 Bc7 57. Ne4 Nf5 58. Bc3 Ne7 59. Ke3 Nc6
60. Kf3 Bd8 61. Ke3 Be7 62. Kf3 Kg8 63. Ke3 Kh7 64. Kd3 Kg6 65. Ke3 Kf5 66. Kf3
f6 67. Nd6+ Bxd6 68. exd6 0-1

[Event "7. Wunsiedel Schach-Festival Meistertur"]
[Site "Wunsiedel"]
[Date "2013.05.10"]
[Round "4.12"]
[White "Schaarschmidt, Kay"]
[Black "Tischbierek, Raj"]
[Result "0-1"]
[WhiteElo "2034"]
[BlackElo "2433"]
[PlyCount "72"]
[EventDate "2013.05.09"]

1. e4 c5 2. Nf3 d6 3. d4 cxd4 4. Nxd4 Nf6 5. Nc3 Nc6 6. f3 e5 7. Nb3 Be7 8. Be3
O-O 9. Qd2 a5 10. Bb5 Be6 11. O-O-O Na7 12. Be2 Nc8 13. Kb1 Nb6 14. g4 a4 15.
Nc1 d5 16. g5 Ne8 17. exd5 Bf5 18. d6 Bxd6 19. Nb5 Rc8 20. Nxd6 Nxd6 21. Qxd6
Bxc2+ 22. Ka1 Bxd1 23. Rxd1 Qxd6 24. Rxd6 Nc4 25. Bxc4 Rxc4 26. Kb1 Rh4 27. Nd3
f6 28. gxf6 gxf6 29. f4 Rxh2 30. fxe5 fxe5 31. Nxe5 Re2 32. Ng4 Rf1+ 33. Bc1
Ree1 34. Rd8+ Kg7 35. Rc8 h5 36. Rc4 Rxc1+ 0-1

[Event "7. Wunsiedel Schach-Festival Meistertur"]
[Site "Wunsiedel"]
[Date "2013.05.10"]
[Round "4.10"]
[White "Schulz, Karsten"]
[Black "Schröder, Jan-Christian"]
[Result "0-1"]
[WhiteElo "2298"]
[BlackElo "2322"]
[PlyCount "86"]
[EventDate "2013.05.09"]

1. c4 e6 2. g3 Nf6 3. Bg2 d5 4. Nf3 Be7 5. O-O O-O 6. b3 b6 7. Bb2 Bb7 8. e3
Nbd7 9. Nc3 Ne4 10. d3 Nxc3 11. Bxc3 Bf6 12. Qc2 c5 13. Rfd1 Rc8 14. Rac1 Rc7
15. Qb2 Bxc3 16. Qxc3 Qa8 17. cxd5 Bxd5 18. Ne1 Nf6 19. Bxd5 Qxd5 20. Qc4 Qh5
21. Qf4 Rd7 22. Qf3 Qe5 23. Qe2 Qf5 24. Kg2 Rfd8 25. Rc4 e5 26. Rdc1 Qe6 27.
Qf3 h6 28. a3 Ne8 29. b4 Nd6 30. R4c2 cxb4 31. axb4 Qb3 32. Qg4 e4 33. dxe4
Qxb4 34. Nf3 Qxe4 35. Qxe4 Nxe4 36. Ne5 Rd2 37. Rxd2 Rxd2 38. Rc8+ Kh7 39. Rc7
Rxf2+ 40. Kg1 Ra2 41. Nxf7 a5 42. Re7 Nc5 43. Ne5 a4 0-1

[Event "7. Wunsiedel Schach-Festival Meistertur"]
[Site "Wunsiedel"]
[Date "2013.05.10"]
[Round "4.13"]
[White "Werner, Claus"]
[Black "Plat, Vojtech"]
[Result "0-1"]
[WhiteElo "2213"]
[BlackElo "2455"]
[PlyCount "96"]
[EventDate "2013.05.09"]

1. d4 d5 2. c4 Nc6 3. Nf3 Bg4 4. cxd5 Bxf3 5. gxf3 Qxd5 6. e3 e5 7. Nc3 Bb4 8.
Bd2 Bxc3 9. bxc3 Qd6 10. Bg2 Nge7 11. Rb1 O-O 12. O-O Nf5 13. Kh1 Nh4 14. Rg1
Nxg2 15. Rxg2 b6 16. f4 exf4 17. e4 Ne7 18. Qg4 g6 19. Qxf4 Qxf4 20. Bxf4 Rac8
21. f3 f6 22. d5 Kf7 23. Rd2 g5 24. Bg3 f5 25. e5 f4 26. Bf2 Nf5 27. Re1 Rfe8
28. c4 Rcd8 29. Re4 c6 30. Kg2 Kg6 31. a4 cxd5 32. cxd5 Ne7 33. d6 Nf5 34. Rc2
Rd7 35. Rc6 Ng7 36. a5 bxa5 37. Ra6 Ne6 38. Rxa5 Kf5 39. Re1 Ra8 40. Ra6 h5 41.
h3 g4 42. hxg4+ hxg4 43. Rea1 gxf3+ 44. Kxf3 Ng5+ 45. Ke2 Rb7 46. Bxa7 Rb2+ 47.
Kd3 Rc8 48. R1a3 Nf3 0-1

[Event "7. Wunsiedel Schach-Festival Meistertur"]
[Site "Wunsiedel"]
[Date "2013.05.11"]
[Round "5.1"]
[White "Chatalbashev, Boris"]
[Black "Peralta, Fernando"]
[Result "1-0"]
[WhiteElo "2553"]
[BlackElo "2626"]
[Annotator "Media"]
[PlyCount "63"]
[EventDate "2013.05.09"]

1. Nf3 d5 2. g3 Nf6 3. Bg2 c6 4. O-O Bf5 5. d3 e6 6. Nfd2 h5 7. e4 Bg6 8. h3 h4
9. g4 dxe4 10. dxe4 e5 11. Nc3 Na6 12. Nc4 Nd7 13. Be3 Qc7 14. f4 f6 15. Qe2 b5
16. f5 Bf7 17. Nd2 Bc5 18. Bxc5 Naxc5 19. b4 Qd6 20. Qe3 Nb7 21. a4 bxa4 22.
Nxa4 O-O 23. Nf3 a5 24. Rfd1 Qe7 25. Rxd7 Qxd7 26. Nb6 Qe7 27. Nxa8 Rxa8 28. g5
fxg5 29. Qxg5 Qxb4 30. f6 g6 31. Qh6 Qf8 32. Qxh4 {1-0 im 33. Zug} 1-0

[Event "7. Wunsiedel Schach-Festival Meistertur"]
[Site "Wunsiedel"]
[Date "2013.05.11"]
[Round "5.7"]
[White "Pap, Misa"]
[Black "Holm, Sejer"]
[Result "1-0"]
[WhiteElo "2476"]
[BlackElo "2244"]
[PlyCount "107"]
[EventDate "2013.05.09"]

1. e4 e6 2. d4 d5 3. e5 c5 4. c3 Nc6 5. Nf3 Nge7 6. Bd3 cxd4 7. cxd4 Nf5 8.
Bxf5 exf5 9. Nc3 Be6 10. h4 Qb6 11. h5 h6 12. Ne2 O-O-O 13. Kf1 Kb8 14. a3 Rc8
15. Rh3 Be7 16. Rg3 Rhg8 17. b4 Qd8 18. Nf4 Qe8 19. Kg1 Bd8 20. Nd3 Bb6 21. Be3
Ne7 22. Nf4 Rc4 23. Rb1 Bd7 24. Nd2 Ba4 25. Qe1 Rc3 26. Ra1 Qc8 27. Ne2 Rc2 28.
Rc1 Bb5 29. Rxc2 Qxc2 30. Qc1 Qxc1+ 31. Nxc1 Kc8 32. Ncb3 Kd7 33. Nc5+ Bxc5 34.
dxc5 Ke6 35. Nf3 a6 36. Bf4 g5 37. hxg6 Rxg6 38. Nd4+ Kd7 39. f3 Rxg3 40. Bxg3
Bd3 41. Kf2 Nc6 42. Ke3 Bb1 43. Ne2 Ke6 44. Be1 d4+ 45. Nxd4+ Kxe5 46. Ne2 Kf6
47. a4 Bc2 48. b5 axb5 49. axb5 Nb8 50. Bh4+ Kg7 51. Nd4 Ba4 52. Nxf5+ Kg6 53.
Nd6 f6 54. Kd4 1-0

[Event "7. Wunsiedel Schach-Festival Meistertur"]
[Site "Wunsiedel"]
[Date "2013.05.11"]
[Round "5.17"]
[White "Pohl-Kuemmel, J."]
[Black "Schulz, Lukas"]
[Result "1-0"]
[WhiteElo "2296"]
[BlackElo "1887"]
[PlyCount "49"]
[EventDate "2013.05.09"]

1. Nf3 c5 2. c4 Nc6 3. d4 cxd4 4. Nxd4 Nf6 5. Nc3 e6 6. g3 Be7 7. Bg2 O-O 8.
O-O a6 9. b3 Qc7 10. Bb2 b6 11. Rc1 Bb7 12. Nd5 exd5 13. cxd5 Rfd8 14. Nf5 Bc5
15. dxc6 dxc6 16. Qc2 Ne8 17. Rfd1 Rxd1+ 18. Rxd1 Rd8 19. Rd3 Rxd3 20. Qxd3 Bf8
21. Qd4 f6 22. Qc4+ Kh8 23. Qe6 Nd6 24. Nh6 gxh6 25. Qxf6+ 1-0

[Event "7. Wunsiedel Schach-Festival Meistertur"]
[Site "Wunsiedel"]
[Date "2013.05.11"]
[Round "5.14"]
[White "Sumets, Andrey"]
[Black "Löw, Gerald"]
[Result "1-0"]
[WhiteElo "2590"]
[BlackElo "2217"]
[PlyCount "129"]
[EventDate "2013.05.09"]

1. d4 Nf6 2. c4 g6 3. Nc3 d5 4. Nf3 Bg7 5. Qa4+ Bd7 6. Qb3 dxc4 7. Qxc4 O-O 8.
Bf4 Na6 9. e4 c5 10. dxc5 Qa5 11. e5 Be6 12. Qb5 Qxb5 13. Bxb5 Nd5 14. Nxd5
Bxd5 15. Bxa6 bxa6 16. O-O Rab8 17. b3 Rfc8 18. Rac1 Rb5 19. Be3 Bxf3 20. gxf3
Bxe5 21. f4 Bc7 22. Rfd1 Kf8 23. Kg2 Ke8 24. Kf3 Rd8 25. h4 h5 26. Rxd8+ Kxd8
27. Ke4 e6 28. Rd1+ Kc8 29. c6 Rf5 30. Rd7 a5 31. a3 a6 32. a4 Kb8 33. Re7 Bd8
34. Rb7+ Kc8 35. Ra7 Kb8 36. Rxa6 Bc7 37. Ra7 e5 38. Rb7+ Kc8 39. f3 Rf6 40.
fxe5 Rxc6 41. Rb5 Kd7 42. Bd2 Ra6 43. Kd5 Ra8 44. Bc3 Ra6 45. Bd4 Re6 46. f4
Ra6 47. Bc5 Re6 48. Ke4 Rc6 49. f5 gxf5+ 50. Kxf5 Rg6 51. Be3 Re6 52. Bd2 Ra6
53. Bc3 Bd8 54. Be1 Ra8 55. Rd5+ Ke8 56. Bd2 Ra6 57. Bg5 Bc7 58. Bf6 Rb6 59.
Rb5 Rc6 60. Kg5 Rc3 61. Kxh5 Rg3 62. Bg5 Rg1 63. Rb7 Kd7 64. e6+ fxe6 65. Bf4
1-0

[Event "7. Wunsiedel Schach-Festival Meistertur"]
[Site "Wunsiedel"]
[Date "2013.05.11"]
[Round "5.10"]
[White "Tischbierek, Raj"]
[Black "Troyke, Christian"]
[Result "1-0"]
[WhiteElo "2433"]
[BlackElo "2326"]
[PlyCount "67"]
[EventDate "2013.05.09"]

1. e4 c5 2. Nf3 Nc6 3. Bb5 g6 4. Bxc6 bxc6 5. O-O Bg7 6. c3 Nf6 7. Re1 O-O 8.
d4 d5 9. e5 Ne4 10. Be3 Rb8 11. Qc1 Qb6 12. b3 cxd4 13. cxd4 f6 14. Nc3 Qb4 15.
Nxe4 dxe4 16. Bd2 Qb6 17. Qc4+ Kh8 18. exf6 exf6 19. Rxe4 Ba6 20. Qc2 Rbc8 21.
Rc1 Rf7 22. Re6 Qd8 23. Bf4 Rd7 24. h4 Bb7 25. Qe2 Qf8 26. h5 g5 27. h6 gxf4
28. hxg7+ Rxg7 29. Nh4 c5 30. dxc5 Rxc5 31. Rxc5 Qxc5 32. Re8+ Rg8 33. Rxg8+
Kxg8 34. Qe6+ 1-0

[Event "7. Wunsiedel Schach-Festival Meistertur"]
[Site "Wunsiedel"]
[Date "2013.05.11"]
[Round "5.10"]
[White "Tischbierek, Raj"]
[Black "Troyke, Christian"]
[Result "1-0"]
[WhiteElo "2433"]
[BlackElo "2326"]
[PlyCount "67"]
[EventDate "2013.05.09"]

1. e4 c5 2. Nf3 Nc6 3. Bb5 g6 4. Bxc6 bxc6 5. O-O Bg7 6. c3 Nf6 7. Re1 O-O 8.
d4 d5 9. e5 Ne4 10. Be3 Rb8 11. Qc1 Qb6 12. b3 cxd4 13. cxd4 f6 14. Nc3 Qb4 15.
Nxe4 dxe4 16. Bd2 Qb6 17. Qc4+ Kh8 18. exf6 exf6 19. Rxe4 Ba6 20. Qc2 Rbc8 21.
Rc1 Rf7 22. Re6 Qd8 23. Bf4 Rd7 24. h4 Bb7 25. Qe2 Qf8 26. h5 g5 27. h6 gxf4
28. hxg7+ Rxg7 29. Nh4 c5 30. Rxc5 Rxc5 31. dxc5 Qxc5 32. Re8+ Rg8 33. Rxg8+
Kxg8 34. Qe6+ 1-0